00546nam a2200145 a 450000100100000000500170001000800410002704000250006824500350009326000620012830000200019004900090021095201640021999900170038300003320120200930070108.0110822s1941 dr 000 0 spa d aDO-SdBNPbspacBNPHU00aInstituto Cristobal Colón /. aCiudad Trujillo, República Dominicana :b[s.n.],c1941. a20 p. ;c21 cm. aBNPD 0010718PDaPDbPDcCTd2011-08-22iLF1l0o p33201-10r2020-06-25w2020-06-25yLFPDzPerteneció a la biblioteca personal de Martínez Boog.ZNo se presta c32692d32692